000 00434 a2200145 4500
001 ART_6815
005 20260410161826.0
008 260409a
245 1 0 _aTransferencia de conocimientos al sector público
100 1 _aMallo, Paulino E.
700 1 _aArtola, María A.
700 1 _aZanfrillo, Alicia I.
700 1 _aMorettini, Mariano
773 0 _tFACES
_g- Año 16, Nº 34/35 (ene./dic. 2010)
_wREV5046
999 _c22835
_d22835